Advanced Accountance (Record no. 344658)
[ view plain ]
| 000 -LEADER | |
|---|---|
| fixed length control field | 00351 a2200133 4500 |
| 082 ## - DEWEY DECIMAL CLASSIFICATION NUMBER | |
| Classification number | 657 |
| 090 ## - LOCALLY ASSIGNED LC-TYPE CALL NUMBER (OCLC); LOCAL CALL NUMBER (RLIN) | |
| -- | 2156 |
| -- | 2156 |
| 100 ## - MAIN ENTRY--PERSONAL NAME | |
| Personal name | M. Radhaswamy |
| 245 ## - TITLE STATEMENT | |
| Title | Advanced Accountance |
| Remainder of title | Theory, Method and Application |
| Statement of responsibility, etc. | M. Radhaswamy |
| 250 ## - EDITION STATEMENT | |
| Edition statement | 8th |
| 260 ## - PUBLICATION, DISTRIBUTION, ETC. | |
| Place of publication, distribution, etc. | New Delhi, India |
| Name of publisher, distributor, etc. | Sultan Chand & Sons |
| Date of publication, distribution, etc. | 1994 |
| 300 ## - PHYSICAL DESCRIPTION | |
| Extent | 264 |
| 942 ## - ADDED ENTRY ELEMENTS (KOHA) | |
| Institution code [OBSOLETE] | NBS |
| Koha item type | Book |
| Call number prefix | 657 GUP |
| Withdrawn status | Lost status | Damaged status | Not for loan | Permanent Location | Current Location | Date acquired | Total Checkouts | Full call number | Barcode | Date last seen | Price effective from | Koha item type |
|---|---|---|---|---|---|---|---|---|---|---|---|---|
| Central Library (CL) | Central Library (CL) | 08/28/2013 | 657 GUP | NBS2110 | 08/28/2013 | 08/28/2013 | Book |
